Data processing logic / (Record no. 8916)

MARC details
000 -LEADER
fixed length control field 00490nam a2200157 a 4500
020 ## - INTERNATIONAL STANDARD BOOK NUMBER
ISBN 0070547238 (paperback)
020 ## - INTERNATIONAL STANDARD BOOK NUMBER
ISBN 9780070547230 (paperback)
100 1# - MAIN ENTRY--AUTHOR NAME
Personal name Saret, Laura.
245 10 - TITLE STATEMENT
Title Data processing logic /
260 ## - PUBLICATION, DISTRIBUTION, ETC. (IMPRINT)
Place of publication [S.l.] :
Name of publisher McGraw-Hill,
Year of publication 1984.
300 ## - PHYSICAL DESCRIPTION
Number of Pages 317 p.
856 40 - ELECTRONIC LOCATION AND ACCESS
Uniform Resource Identifier http://www.amazon.com/exec/obidos/ASIN/0070547238/chopaconline-20
Holdings
Withdrawn status Lost status Home library Current library Date acquired Cost, normal purchase price Full call number Accession Number Koha item type
    Central Library, QUEST, Nawabshah Central Library, QUEST, Nawabshah 20/08/2014 194.77 001.61SAR 14403 Books